<?xml version="1.0" encoding="UTF-8"?><?xml-stylesheet type="text/xsl" href="static/style.xsl"?><OAI-PMH xmlns="http://www.openarchives.org/OAI/2.0/" xmlns:xsi="http://www.w3.org/2001/XMLSchema-instance" xsi:schemaLocation="http://www.openarchives.org/OAI/2.0/ http://www.openarchives.org/OAI/2.0/OAI-PMH.xsd"><responseDate>2026-04-17T21:21:59Z</responseDate><request verb="GetRecord" identifier="oai:www.recercat.cat:20.500.12328/5221" metadataPrefix="marc">https://recercat.cat/oai/request</request><GetRecord><record><header><identifier>oai:recercat.cat:20.500.12328/5221</identifier><datestamp>2026-03-26T19:51:10Z</datestamp><setSpec>com_2072_67741</setSpec><setSpec>col_2072_484352</setSpec></header><metadata><record xmlns="http://www.loc.gov/MARC21/slim" xmlns:dcterms="http://purl.org/dc/terms/" xmlns:xsi="http://www.w3.org/2001/XMLSchema-instance" xmlns:doc="http://www.lyncode.com/xoai" xsi:schemaLocation="http://www.loc.gov/MARC21/slim http://www.loc.gov/standards/marcxml/schema/MARC21slim.xsd">
   <leader>00925njm 22002777a 4500</leader>
   <datafield ind2=" " ind1=" " tag="042">
      <subfield code="a">dc</subfield>
   </datafield>
   <datafield ind2=" " ind1=" " tag="720">
      <subfield code="a">Marimon, Frederic</subfield>
      <subfield code="e">author</subfield>
   </datafield>
   <datafield ind2=" " ind1=" " tag="720">
      <subfield code="a">Mas-Machuca, Marta</subfield>
      <subfield code="e">author</subfield>
   </datafield>
   <datafield ind2=" " ind1=" " tag="720">
      <subfield code="a">Rey, Carlos</subfield>
      <subfield code="e">author</subfield>
   </datafield>
   <datafield ind2=" " ind1=" " tag="260">
      <subfield code="c">2016-02-01</subfield>
   </datafield>
   <datafield ind2=" " ind1=" " tag="520">
      <subfield code="a">Purpose&#xd;
– Many companies have a mission statement that they disseminate through corporate communication to stakeholders and particularly to employees. However, the communication action alone does not ensure that employees take true “ownership” of the mission. Having a mission and internalizing that mission are quite different. The purpose of this paper is to provide a scale to assess the internalization of the mission (IM). Additionally, the authors explore the relationship between IM and organizational alignment.&#xd;
&#xd;
Design/methodology/approach&#xd;
– Based on previous research on mission internalization, the authors test the conditions necessary for reaching true mission internalization. A first sample of 132 managers from two companies was used for an exploratory analysis: thereafter, a second universal sample of 400 people was used to confirm the scale. Structural Equation Modeling was used to analyze the dimensions deployed in the latent IM construct. This construct has been examined as a second-order factor. A multi-group analysis across these two companies provides nomological validation of the IM scale.&#xd;
&#xd;
Findings&#xd;
– A scale of 18 items gathered under five dimensions is proposed. Accordingly, the findings are that IM comprises five dimensions: leadership, importance, knowledge, co-workers’ engagement and implication. The five dimensions count equally for the IM.&#xd;
&#xd;
Practical implications&#xd;
– This study provides a useful measure to assess the IM. To achieve a good degree of internalization across employees, the employees must feel that the mission is worthy of engagement and that it is aligned with their personal values.&#xd;
&#xd;
Originality/value&#xd;
– The paper addresses gaps in the current literature on mission statements regarding the effective implementation of the corporate mission. The results can serve as criteria for managers to obtain better IM for all employees.</subfield>
   </datafield>
   <datafield ind1="8" ind2=" " tag="024">
      <subfield code="a">Marimon, Frederic; Mas-Machuca, Marta y Rey, Carlos. Assessing the internalization of the mission. Industrial Management &amp; Data Systems, 2016, 116(1), páginas 170-187. Disponible en &lt;https://www.emerald.com/imds/article-abstract/116/1/170/176770/Assessing-the-internalization-of-the-mission?redirectedFrom=PDF>. Fecha de acceso: 02 mar. 2026. DOI: https://doi.org/10.1108/IMDS-04-2015-0144</subfield>
   </datafield>
   <datafield ind1="8" ind2=" " tag="024">
      <subfield code="a">0263-5577</subfield>
   </datafield>
   <datafield ind1="8" ind2=" " tag="024">
      <subfield code="a">http://hdl.handle.net/20.500.12328/5221</subfield>
   </datafield>
   <datafield ind1="8" ind2=" " tag="024">
      <subfield code="a">https://doi.org/10.1108/IMDS-04-2015-0144</subfield>
   </datafield>
   <datafield tag="653" ind2=" " ind1=" ">
      <subfield code="a">Leadership</subfield>
   </datafield>
   <datafield tag="653" ind2=" " ind1=" ">
      <subfield code="a">Mission statement</subfield>
   </datafield>
   <datafield tag="653" ind2=" " ind1=" ">
      <subfield code="a">Co-workers' engagement</subfield>
   </datafield>
   <datafield tag="653" ind2=" " ind1=" ">
      <subfield code="a">Mission internalization</subfield>
   </datafield>
   <datafield tag="653" ind2=" " ind1=" ">
      <subfield code="a">Organizational alignment</subfield>
   </datafield>
   <datafield tag="653" ind2=" " ind1=" ">
      <subfield code="a">Lideratge</subfield>
   </datafield>
   <datafield tag="653" ind2=" " ind1=" ">
      <subfield code="a">Declaració de la missió</subfield>
   </datafield>
   <datafield tag="653" ind2=" " ind1=" ">
      <subfield code="a">Assimilació de la missió</subfield>
   </datafield>
   <datafield tag="653" ind2=" " ind1=" ">
      <subfield code="a">Alineació organitzacional</subfield>
   </datafield>
   <datafield tag="653" ind2=" " ind1=" ">
      <subfield code="a">Liderazgo</subfield>
   </datafield>
   <datafield tag="653" ind2=" " ind1=" ">
      <subfield code="a">Declaración de misión</subfield>
   </datafield>
   <datafield tag="653" ind2=" " ind1=" ">
      <subfield code="a">Compromiso de los colaboradores</subfield>
   </datafield>
   <datafield tag="653" ind2=" " ind1=" ">
      <subfield code="a">Internalización de la misión</subfield>
   </datafield>
   <datafield tag="653" ind2=" " ind1=" ">
      <subfield code="a">Alineación organizativa</subfield>
   </datafield>
   <datafield ind2="0" ind1="0" tag="245">
      <subfield code="a">Assessing the internalization of the mission</subfield>
   </datafield>
</record></metadata></record></GetRecord></OAI-PMH>